[Event "Ostrava Konik op"]
[Site "Ostrava"]
[Date "2014.04.28"]
[Round "3"]
[White "Bartos, Michal"]
[Black "Szabo, Pavel"]
[Result "1-0"]
[WhiteElo "1960"]
[BlackElo "1720"]
[PlyCount "71"]
[EventDate "2014.04.26"]
[EventType "swiss"]
[EventRounds "9"]
[EventCountry "CZE"]
[SourceTitle "CBM 160 Extra"]
[Source "ChessBase"]
[SourceDate "2014.07.01"]
[SourceVersion "1"]
[SourceVersionDate "2014.07.01"]
[SourceQuality "1"]

1. e4 c5 2. Nc3 g6 3. f4 Bg7 4. Bc4 e6 5. Nf3 Ne7 6. 0-0 0-0 7. d3 d5 8. Bb3 Nbc6 9. a3 Nd4 10. Nxd4 Bxd4+ 11. Kh1 Bg7 12. Qe1 b6 13. Ne2 Bb7 14. Ng3 a5 15. a4 Rc8 16. c3 dxe4 17. dxe4 Rc7 18. Qf2 Rd7 19. f5 exf5 20. exf5 Nd5 21. Ne4 f6 22. fxg6 hxg6 23. Qg3 g5 24. h4 gxh4 25. Qxh4 Rff7 26. Kg1 Qe7 27. Bd2 f5 28. Ng5 Bf8 29. Rae1 Qd8 30. Qh5 Rf6 31. Re8 Qc7 32. Ne6 Qg3 33. Rf3 Qg4 34. Qxg4+ fxg4 35. Rxf6 Nxf6 36. Rxf8+ 1-0

[Event "Ostrava Konik op"]
[Site "Ostrava"]
[Date "2014.04.27"]
[Round "2"]
[White "Hurta, Jiri"]
[Black "Bartos, Michal"]
[Result "0-1"]
[WhiteElo "1844"]
[BlackElo "1960"]
[PlyCount "64"]
[EventDate "2014.04.26"]
[EventType "swiss"]
[EventRounds "9"]
[EventCountry "CZE"]
[SourceTitle "CBM 160 Extra"]
[Source "ChessBase"]
[SourceDate "2014.07.01"]
[SourceVersion "1"]
[SourceVersionDate "2014.07.01"]
[SourceQuality "1"]

1. Nf3 d5 2. g3 c6 3. Bg2 Nf6 4. 0-0 Bf5 5. b3 h6 6. Bb2 Nbd7 7. c4 e6 8. d4 Be7 9. Nbd2 0-0 10. Ne5 Ne4 11. f3 Nxd2 12. Qxd2 Bg5 13. Qc3 Be7 14. e4 Bh7 15. Ng4 a5 16. a3 Qb6 17. Kh1 Nf6 18. Nf2 Rac8 19. Rae1 Rfd8 20. Nd3 Ne8 21. Re2 Bf6 22. e5 dxc4 23. bxc4 Bxd3 24. Qxd3 Bxe5 25. Rxe5 Qxb2 26. Rb1 Rxd4 27. Rxb2 Rxd3 28. Bf1 Rxa3 29. Rxb7 Ra1 30. Kg2 Rd8 31. Be2 Ra2 32. Kf2 Nd6 0-1

[Event "Ostrava Konik op"]
[Site "Ostrava"]
[Date "2014.04.26"]
[Round "1"]
[White "Bartos, Michal"]
[Black "Chromik, Tomas"]
[Result "0-1"]
[WhiteElo "1960"]
[BlackElo "1939"]
[PlyCount "44"]
[EventDate "2014.04.26"]
[EventType "swiss"]
[EventRounds "9"]
[EventCountry "CZE"]
[SourceTitle "CBM 160 Extra"]
[Source "ChessBase"]
[SourceDate "2014.07.01"]
[SourceVersion "1"]
[SourceVersionDate "2014.07.01"]
[SourceQuality "1"]

1. e4 e5 2. Nf3 Nf6 3. d4 Nxe4 4. Bc4 d5 5. Bb3 exd4 6. 0-0 Bc5 7. Nxd4 0-0 8. Nf3 c6 9. Bf4 Bg4 10. h3 Bh5 11. g4 Bg6 12. Nc3 Nd7 13. Nxe4 Bxe4 14. c4 Qf6 15. Qd2 Bxf3 16. Bc2 Qd4 17. Qc1 Be2 18. Be3 Qxc4 19. b3 Bxe3 20. fxe3 Qa6 21. Rf5 Bd3 22. Rh5 Bg6 0-1

[Event "Ostrava op"]
[Site "Ostrava"]
[Date "2009.05.08"]
[Round "7"]
[White "Bartos, Michal"]
[Black "Kubik, Michael"]
[Result "0-1"]
[WhiteElo "1870"]
[BlackElo "1705"]
[PlyCount "70"]
[EventDate "2009.05.02"]
[EventType "swiss"]
[EventRounds "9"]
[EventCountry "CZE"]
[SourceTitle "EXT 2011"]
[Source "ChessBase"]
[SourceDate "2010.11.26"]
[SourceVersion "1"]
[SourceVersionDate "2010.11.26"]
[SourceQuality "1"]

1. d4 Nf6 2. c4 g6 3. Nc3 Bg7 4. e4 d6 5. Be2 0-0 6. Nf3 e5 7. dxe5 dxe5 8. Bg5 Nbd7 9. Qd2 c6 10. Rd1 Qc7 11. 0-0 Nc5 12. Qc2 a5 13. a3 a4 14. Nd2 Be6 15. Rb1 Nfd7 16. Be3 f5 17. f3 f4 18. Bf2 g5 19. b4 axb3 20. Nxb3 Nxb3 21. Qxb3 Rfb8 22. Rfc1 Qd6 23. a4 Qe7 24. Ra1 h5 25. h3 Nf6 26. Rd1 g4 27. fxg4 hxg4 28. Bh4 f3 29. gxf3 gxh3 30. f4 Qc5+ 31. Bf2 h2+ 32. Kg2 Bh3+ 33. Kg3 exf4+ 34. Kxh3 Qxf2 35. Nd5 cxd5 0-1

[Event "Ostrava op"]
[Site "Ostrava"]
[Date "2009.05.07"]
[Round "6"]
[White "Omasta, Dusan"]
[Black "Bartos, Michal"]
[Result "1/2-1/2"]
[WhiteElo "1755"]
[BlackElo "1870"]
[PlyCount "145"]
[EventDate "2009.05.02"]
[EventType "swiss"]
[EventRounds "9"]
[EventCountry "CZE"]
[SourceTitle "EXT 2011"]
[Source "ChessBase"]
[SourceDate "2010.11.26"]
[SourceVersion "1"]
[SourceVersionDate "2010.11.26"]
[SourceQuality "1"]

1. c4 e6 2. Nc3 d5 3. cxd5 exd5 4. d4 Nf6 5. Nf3 Be7 6. g3 0-0 7. Bg2 c6 8. 0-0 Qb6 9. a3 a5 10. Qc2 Bg4 11. Be3 Nbd7 12. Ne5 Bh5 13. f3 Nxe5 14. Bf2 Ned7 15. Qd2 Qd8 16. Kh1 Bg6 17. h4 Ne8 18. Bh3 Nd6 19. Na4 f5 20. b3 Nf6 21. Nc5 Bf7 22. Qe3 Nd7 23. Nd3 Bf6 24. Qf4 Qe7 25. Ra2 Kh8 26. Bxf5 Nxf5 27. Qxf5 Bg6 28. Qh3 Bxd3 29. exd3 Qf7 30. g4 Rae8 31. g5 Bd8 32. Bg3 Re3 33. Bd6 Rxf3 34. Rxf3 Qxf3+ 35. Qxf3 Rxf3 36. Re2 Kg8 37. Re8+ Kf7 38. Rxd8 Ke6 39. Bc7 Rh3+ 40. Kg2 Rxh4 41. Re8+ Kf7 42. Rd8 Ke7 43. Rh8 Rxd4 44. Rxh7 Rg4+ 45. Kf3 Rxg5 46. Bxa5 b6 47. Bc3 Kf7 48. Rh8 Nf8 49. a4 Rg1 50. Bd4 Rb1 51. Bxb6 Rxb3 52. a5 Rxd3+ 53. Ke2 Ra3 54. Rh1 Nd7 55. Rc1 c5 56. Rd1 d4 57. Rb1 g6 58. Rb5 d3+ 59. Ke3 c4 60. Bc5 Ra4 61. Bd4 Ke6 62. Bc3 Kd6 63. Kd4 Kc6 64. Rg5 Nf8 65. Rc5+ Kd6 66. Rxc4 Ne6+ 67. Kxd3 Nf4+ 68. Kd4 Ne2+ 69. Kd3 Nxc3 70. Kxc3 Rxa5 71. Rg4 g5 72. Re4 Kd5 73. Rg4 1/2-1/2

[Event "Ostrava op"]
[Site "Ostrava"]
[Date "2009.05.06"]
[Round "5"]
[White "Bartos, Michal"]
[Black "Kondula, Lukas"]
[Result "0-1"]
[WhiteElo "1870"]
[BlackElo "1905"]
[PlyCount "94"]
[EventDate "2009.05.02"]
[EventType "swiss"]
[EventRounds "9"]
[EventCountry "CZE"]
[SourceTitle "EXT 2011"]
[Source "ChessBase"]
[SourceDate "2010.11.26"]
[SourceVersion "1"]
[SourceVersionDate "2010.11.26"]
[SourceQuality "1"]

1. e4 e6 2. d4 d5 3. e5 c5 4. Qg4 cxd4 5. Bd3 Nc6 6. Nf3 Bd7 7. 0-0 h5 8. Qg3 h4 9. Qh3 Nh6 10. a3 Be7 11. Re1 g5 12. g4 Kf8 13. b4 Kg7 14. Qg2 f6 15. Bb2 Nxe5 16. Nxd4 Nxd3 17. cxd3 e5 18. Nf5+ Bxf5 19. gxf5 h3 20. Qxh3 Nf7 21. Qg2 Rh4 22. Nd2 Nh6 23. h3 Nxf5 24. Nf3 Rh6 25. Qg4 Nh4 26. Nxg5 fxg5 27. Rxe5 Kh7 28. Rae1 Bf6 29. Re8 Qxe8 30. Rxe8 Rxe8 31. Bxf6 Re1+ 32. Kh2 Rxf6 33. Qh5+ Kg7 34. Qxg5+ Ng6 35. Qxd5 Rxf2+ 36. Kg3 Rf7 37. Qd4+ Kh7 38. Qxa7 Re5 39. h4 Rh5 40. d4 Rxh4 41. d5 Rh5 42. Kg4 Rxd5 43. Qb8 Rd4+ 44. Kg3 Nh4 45. Qe8 Rf3+ 46. Kh2 Rd2+ 47. Kg1 Rg2+ 0-1

[Event "Ostrava op"]
[Site "Ostrava"]
[Date "2009.05.04"]
[Round "3"]
[White "Bartos, Michal"]
[Black "Fiala, Radovan"]
[Result "1-0"]
[WhiteElo "1870"]
[BlackElo "1725"]
[PlyCount "89"]
[EventDate "2009.05.02"]
[EventType "swiss"]
[EventRounds "9"]
[EventCountry "CZE"]
[SourceTitle "EXT 2011"]
[Source "ChessBase"]
[SourceDate "2010.11.26"]
[SourceVersion "1"]
[SourceVersionDate "2010.11.26"]
[SourceQuality "1"]

1. d4 d5 2. Nf3 Nf6 3. Bg5 e6 4. Bxf6 Qxf6 5. Nbd2 c5 6. e3 Nc6 7. c3 a6 8. Bd3 Bd6 9. 0-0 0-0 10. Re1 e5 11. dxe5 Nxe5 12. Nxe5 Bxe5 13. f4 Bc7 14. Qh5 g6 15. Qxd5 Rd8 16. Ne4 Qe7 17. Qxc5 Qxc5 18. Nxc5 Bb6 19. Na4 Ba7 20. Be4 Re8 21. Bf3 Bd7 22. b3 Rxe3 23. Kf1 Bxa4 24. bxa4 Rxc3 25. Bxb7 Rb8 26. Bxa6 Rb4 27. g3 Rxa4 28. Re8+ Kg7 29. Be2 Rc2 30. a3 h5 31. Re7 Rc3 32. Rb1 Bc5 33. Re8 Rcxa3 34. Rd1 h4 35. Kg2 hxg3 36. hxg3 Ra2 37. Kf3 R2a3+ 38. Kg2 Kf6 39. Rd5 Bb4 40. g4 Ra7 41. g5+ Kg7 42. Rdd8 f5 43. Rg8+ Kf7 44. Bc4+ Ke7 45. Rge8# 1-0